| 000 | 01752nam0a2200373 4500 | ||
|---|---|---|---|
| 001 | RU\NLR\BIBL_A\012484334 | ||
| 005 | 20251215152345.0 | ||
| 010 |
_a978-5-9704-5982-9 _9500 |
||
| 021 |
_aRU _b2020-73700 _9КН-П-5541 |
||
| 035 | _a(NLR Aleph) 012484334 | ||
| 035 | _a(RuMoRGB)010487866 | ||
| 090 |
_a12147417 _c12147417 |
||
| 100 | _a20210324d2021 u y0rusy50 ca | ||
| 101 | 0 | _arus | |
| 102 | _aRU | ||
| 105 | _aa|||zzzz000zy | ||
| 181 | 0 |
_ai3 _baxxe |
|
| 182 | 0 | _an | |
| 200 | 1 |
_aПсихопатологическая пропедевтика _eметодика диагностики психических расстройств _fТ. И. Букановская |
|
| 203 |
_aТекст _bвизуальный _cнепосредственный |
||
| 205 | _a2-е изд., доп. и перераб. | ||
| 210 |
_aМосква _cГЭОТАр-Медиа _d2021 [т.е. 2020] |
||
| 215 |
_a106, [6] с. _cил., табл. _d21 |
||
| 300 | _aНа обороте тит. с. авт.: Букановская Т. И., д.м.н., проф. | ||
| 606 | 1 |
_aПсихические расстройства _xДиагностика _92368656 _3RU\NLR\AUTH\661413929 |
|
| 686 | 1 | _aР64-4 | |
| 700 | 1 |
_aБукановская _bТ. И. _gТамара Ивановна |
|
| 856 | 4 |
_lVNP_UCHZ _tVIEW _uhttps://webservices.nlr.ru/viewer/file?name=a012484334_002.txt _yАннотация |
|
| 856 | 4 |
_lVNP_UCHZ _tVIEW _uhttps://webservices.nlr.ru/viewer/file?name=p012484334_003.jpg _x001 _yСтраница |
|
| 856 | 4 | 1 |
_lVNP_UCHZ _tVIEW _uhttps://webservices.nlr.ru/viewer/file?name=t012484334_001.jpg _yОбложка |
| 942 | _cBOOK | ||
| 980 | _aNB | ||